[Event "XXII Open"]
[Site "Benidorm ESP"]
[Date "2009.04.25"]
[Round "2"]
[White "Halkias,S"]
[Black "Silva,St"]
[Result "1-0"]
[WhiteElo "2566"]
[BlackElo "2218"]

1.d4 d5 2.c4 c6 3.Nc3 Nf6 4.Nf3 a6 5.c5 Nbd7 6.Bf4 Nh5 7.g3 g6 8.Qd2 Nxf4
9.gxf4 Bg7 10.e3 O-O 11.h4 f6 12.h5 e5 13.hxg6 hxg6 14.O-O-O Rf7 15.Bh3 exd4
16.exd4 Nf8 17.Rdg1 Bxh3 18.Rxh3 Bh8 19.f5 g5 20.Nh2 Rh7 21.Rxh7 Nxh7 22.Ng4 Bg7
23.Ne2 Qd7 24.Ng3 Re8 25.f3 Qc7 26.Nh5 Qf7 27.Qh2 Qe7 28.Nxg7 Qxg7 29.Rh1 Rf8
30.Qd6 Kh8 31.Re1 Qf7 32.Rh1 Ra8  1-0

[Event "zt 3.5 Men"]
[Site "Beijing CHN"]
[Date "2009.04.27"]
[Round "10"]
[White "Li Shilong"]
[Black "Zhao Jun"]
[Result "1-0"]
[WhiteElo "2557"]
[BlackElo "2560"]

1.d4 d5 2.c4 c6 3.Nf3 Nf6 4.Nc3 a6 5.h3 dxc4 6.a4 e6 7.e3 c5 8.Bxc4 Nc6 9.O-O cxd4
10.exd4 Be7 11.Re1 O-O 12.Bg5 b6 13.d5 exd5 14.Nxd5 Nxd5 15.Qxd5 Bxg5 16.Nxg5 Qxd5
17.Bxd5 Bb7 18.Rac1 Rac8 19.Re3 h6 20.Nxf7 Rxf7 21.Rec3 Rd8 22.Bxf7+ Kxf7
23.Rxc6 Bxc6 24.Rxc6 Rd1+ 25.Kh2 Rd4 26.Rxb6 Rxa4 27.g4 a5 28.Kg3 Ra2 29.Kf4 a4
30.Kf5 a3 31.Rb7+ Kf8 32.bxa3 Rxf2+ 33.Kg6 Rf6+ 34.Kh7 Rf3 35.Rxg7 Rxh3 36.a4 Ra3
37.Kxh6 Rxa4 38.g5 Ra6+ 39.Kh7 Ra1 40.Rg8+ Kf7 41.g6+ Kf6 42.Rf8+ Ke7 43.g7 Rh1+
44.Kg8 Rh2 45.Rf7+ Ke8 46.Rf4 Rh1 47.Re4+ Kd7 48.Kf7 Rf1+ 49.Kg6  1-0

[Event "XXII Open"]
[Site "Benidorm ESP"]
[Date "2009.04.29"]
[Round "6"]
[White "Bellon Lopez,JuM"]
[Black "Haslinger,G"]
[Result "1-0"]
[WhiteElo "2439"]
[BlackElo "2305"]

1.d4 d5 2.c4 c6 3.Nf3 Nf6 4.Nc3 a6 5.h3 e6 6.c5 b6 7.cxb6 Nbd7 8.g3 Qxb6
9.Bg2 c5 10.O-O Bd6 11.e4 dxe4 12.dxc5 Nxc5 13.Nd2 Be7 14.Ndxe4 Bb7 15.Na4 Nxa4
16.Qxa4+ Nd7 17.Rd1 Rd8 18.Be3 Qb5 19.Qxb5 axb5 20.Nd6+ Bxd6 21.Bxb7 Ke7
22.Rac1 Rb8 23.Ba6 Nf6 24.Bd4 Nd5 25.a3 Rhd8 26.Rc6 Kd7 27.Rdc1 Nc7 28.Bb6 Nxa6
29.Bxd8 Nc5 30.Bc7 Kxc6 31.Bxb8 Bxb8 32.b4 Bd6 33.Kf1 Kd5 34.Rd1+ Kc6 35.bxc5 Bxc5
36.Rd3 e5 37.g4 b4 38.axb4 Bxb4 39.Rd8 Be7 40.Rg8 Bf6 41.g5 Bxg5 42.Rxg7 h6
43.Rxf7 Kd5 44.Kg2 Ke6 45.Rf8 Ke7 46.Rf3 Bh4 47.Rf5 Ke6 48.Rf8 Be7 49.Rh8 Bg5
50.Kf3 Kd5 51.Re8 Kd4 52.Kg4 Ke4 53.h4 Bf4 54.Ra8 Kd3 55.Kf3 Kd2 56.Ra2+ Kd3
57.Ra4 Bc1 58.Re4 Bb2 59.Re3+ Kd4 60.Kg4 Bc1 61.Re1 Bd2 62.Rd1 Kc3 63.Kf5 Bf4
64.Rd4  1-0

[Event "Copenhagen Chess Challenge"]
[Site "Ballerup DEN"]
[Date "2009.05.09"]
[Round "6"]
[White "Tikkanen,H"]
[Black "Glud,J"]
[Result "1/2-1/2"]
[WhiteElo "2425"]
[BlackElo "2454"]

1.d4 d5 2.c4 c6 3.Nf3 Nf6 4.Nc3 a6 5.c5 Bf5 6.Nh4 e6 7.Nxf5 exf5 8.Qb3 Ra7
9.f3 Be7 10.g3 h5 11.Bg2 h4 12.Be3 Nh5 13.Bf2 f4 14.g4 Nf6 15.e3 fxe3 16.Bxe3 h3
17.Bf1 Nbd7 18.g5 Nh7 19.f4 Nhf8 20.Rg1 Ne6 21.O-O-O Rh4 22.g6 Bf6 23.gxf7+ Kxf7
24.Qc2 Qh8 25.Ne2 Ra8 26.Qg6+ Kg8 27.f5 Nef8 28.Qg3 Re8 29.Nf4 Rxe3 30.Qxe3 Qh6
31.Nxd5 cxd5 32.Qxh6 Rxh6 33.Rg3 Rh4 34.Rxh3 Rxd4 35.Rxd4 Bxd4 36.b4 a5 37.Bg2 Nf6
38.Rd3 Bg1 39.a3 axb4 40.axb4 Bxh2 41.Bxd5+ Nxd5 42.Rxd5 Kf7 43.Rd8 b6 44.cxb6 Ke7
45.Rd5 Nd7 46.b7 Kd8 47.Kd2 Kc7 48.Ke3  1/2-1/2

[Event "TCh-NED 2008-9"]
[Site "Netherlands NED"]
[Date "2009.05.10"]
[Round "9"]
[White "Ikonnikov,Vy"]
[Black "Van Wessel,R"]
[Result "1/2-1/2"]
[WhiteElo "2592"]
[BlackElo "2307"]

1.d4 d5 2.Nf3 Nf6 3.c4 c6 4.Nc3 a6 5.a4 e6 6.Bg5 Nbd7 7.e3 Qa5 8.Bxf6 Nxf6
9.Bd3 dxc4 10.Bxc4 Bd6 11.O-O O-O 12.h3 Qc7 13.Rc1 e5 14.dxe5 Bxe5 15.Qc2 Qe7
16.Nxe5 Qxe5 17.Rfd1 Bf5 18.Qd2 Rfe8 19.Qd6 a5 20.g4 Bg6 21.Qxe5 Rxe5 22.Rd4 Rae8
23.Rcd1 h5 24.Kg2 Kf8 25.Kg3 Bh7 26.Rd8 g5 27.R1d6 Ke7 28.Rxe8+ Nxe8 29.Rh6 h4+
30.Kf3 Bg6  1/2-1/2

[Event "XI Open"]
[Site "Salou ESP"]
[Date "2009.05.10"]
[Round "6"]
[White "Moskalenko,V1"]
[Black "Lemos,D"]
[Result "1-0"]
[WhiteElo "2528"]
[BlackElo "2511"]

1.d4 d5 2.c4 c6 3.Nf3 Nf6 4.Nc3 a6 5.e3 b5 6.c5 Nbd7 7.Bd2 e5 8.b4 Qc7 9.a4 Rb8
10.axb5 axb5 11.Nxe5 Nxe5 12.dxe5 Qxe5 13.Ne2 Be7 14.Bc3 Qc7 15.Ng3 O-O 16.Qd4 Ne8
17.Nh5 f6 18.Bd3 g6 19.Nf4 Ng7 20.h4 Nf5 21.Bxf5 Bxf5 22.h5 g5 23.Nxd5 Qd7
24.Nxe7+ Qxe7 25.Qd6 Qe4 26.O-O Rbd8 27.Qg3 Qg4 28.Qxg4 Bxg4 29.Ra6 Rc8 30.h6 Kf7
31.f3 Be6 32.Rd1 Rfd8 33.Rxd8 Rxd8 34.Rxc6 Rd3 35.Bd4 g4 36.Kf2 gxf3 37.gxf3 Rb3
38.Rc7+ Kg6 39.Rg7+ Kxh6 40.Bxf6 Rxb4 41.Re7 Bg8 42.c6 Rc4 43.c7 Kg6 44.Be5 Bd5
45.e4 Bb7 46.Rg7+ Kh6 47.Rg8 Rc5 48.Bf4+ Kh5 49.Rb8  1-0

[Event "Limpedea Cup"]
[Site "Baia Sprie ROM"]
[Date "2009.05.13"]
[Round "3"]
[White "Sanikidze,T"]
[Black "Nanu,C"]
[Result "1-0"]
[WhiteElo "2559"]
[BlackElo "2535"]

1.d4 d5 2.Nf3 c6 3.c4 Nf6 4.Nc3 a6 5.c5 Bf5 6.Bf4 Nbd7 7.e3 e6 8.Be2 Ne4
9.Nxe4 Bxe4 10.O-O Be7 11.Bd3 g5 12.Bg3 h5 13.Bxe4 dxe4 14.Nd2 h4 15.Bd6 Bxd6
16.cxd6 h3 17.g3 Qa5 18.Nxe4 O-O-O 19.f3 Qd5 20.b4 g4 21.Nc5 e5 22.dxe5 Qxe5
23.Qd4 Qxd4 24.exd4 Rh6 25.fxg4 Rxd6 26.Rxf7 Rxd4 27.Ne6 Ne5 28.Nxd8 Rxd8
29.Rh7 Nf3+ 30.Kh1 Ng5 31.Rh5 Rd5 32.Rf1 a5 33.bxa5 c5 34.Kg1 c4 35.Rc1 Rc5
36.Kf2 Kc7 37.Ke3 Kd6 38.Kd4 Rd5+ 39.Kc3 Rxa5 40.Kb4  1-0

[Event "18th CRO-Cup"]
[Site "Sibenik CRO"]
[Date "2009.05.21"]
[Round "2"]
[White "Zaja,I"]
[Black "Paljusaj,E"]
[Result "1/2-1/2"]
[WhiteElo "2449"]
[BlackElo "2285"]

1.d4 d5 2.c4 c6 3.Nf3 Nf6 4.Nc3 a6 5.a4 Bg4 6.Ne5 Be6 7.e3 Nbd7 8.cxd5 cxd5
9.Nd3 Bf5 10.Qb3 Qb6 11.Qxb6 Nxb6 12.Nc5 Bc8 13.b3 e6 14.Ba3 Nbd7 15.Nd3 Bxa3
16.Rxa3 b6 17.a5 b5 18.f3 Bb7 19.Kd2 Ke7 20.Na2 Nb8 21.Nc5 Bc6 22.Nb4 Nfd7
23.Ncd3 Bb7 24.Be2 Rc8 25.Raa1 Nc6 26.Nxc6+ Rxc6 27.Nb4 Rcc8 28.h4 Kd6 29.Bd3 h6
30.g4 Rh8 31.h5 Nb8 32.f4 Nc6 33.Nxc6 Bxc6 34.g5 f6 35.gxf6 gxf6 36.Rhg1 Rag8
37.Rg6 Be8 38.Rgg1 Bxh5 39.Rxg8 Rxg8 40.Rh1 Rg2+  1/2-1/2

[Event "TCh-ISR 2008-9"]
[Site "Israel ISR"]
[Date "2009.05.22"]
[Round "11"]
[White "Bykhovsky,An ISR"]
[Black "Jirka,J"]
[Result "0-1"]
[WhiteElo "2447"]
[BlackElo "2448"]

1.d4 d5 2.Nf3 Nf6 3.c4 c6 4.Nc3 a6 5.c5 g6 6.Bf4 Nh5 7.Bd2 Bg7 8.g3 Nd7 9.Bg2 O-O
10.O-O Re8 11.e4 dxe4 12.Nxe4 Ndf6 13.Nc3 Nd5 14.Re1 h6 15.Ne5 Nc7 16.Qb3 Bxe5
17.Rxe5 Qxd4 18.Rae1 Nf6 19.h3 Qxd2 20.Rd1 Be6 21.Qxb7 Rab8 22.Qxc7 Qxb2
23.Rb1 Rbc8 24.Qa5 Qc2 25.Re2 Qf5 26.Rb6 Nd5 27.Nxd5 Bxd5 28.Rxa6 Bc4 29.g4 Qg5
30.Rc2 Bxa6 31.Qxa6 Qf6 32.a4 Red8 33.Qe2 Qa1+ 34.Kh2 Qxa4 35.Rc4 Qb5 36.Bf1 e6
37.Qe3 Qb8+ 38.Kg2 Kg7 39.Qc3+ e5 40.Rf4 Rd7 41.Ba6 Re8 42.Rb4 Qd8 43.Bc4 Rd4
44.Rb6 Qf6 45.Bb5 Re6 46.Bc4 Re7 47.Be2 Red7 48.Bb5 Rc7 49.Be2 e4 50.Qg3 Re7
51.Qe3 Rd5 52.Bc4 Qf3+  0-1

[Event "18th CRO-Cup"]
[Site "Sibenik CRO"]
[Date "2009.05.24"]
[Round "5"]
[White "Ascic,A"]
[Black "Kruljac,P"]
[Result "1-0"]
[WhiteElo "2156"]
[BlackElo "2103"]

1.d4 d5 2.c4 c6 3.Nf3 Nf6 4.Nc3 a6 5.cxd5 cxd5 6.Bf4 Nc6 7.Rc1 e6 8.e3 Bd6
9.Bxd6 Qxd6 10.Bd3 b5 11.O-O Bb7 12.a4 b4 13.Nb1 O-O 14.Nbd2 e5 15.dxe5 Nxe5
16.Nxe5 Qxe5 17.Qb3 Qd6 18.Nf3 Rac8 19.Bf5 Rcd8 20.Nd4 g6 21.Bd3 Ng4 22.Nf3 a5
23.h3 Nf6 24.Nd4 Rc8 25.Bb5 Ne4 26.Qd3 Nc5 27.Qe2 Ne6 28.Nb3 Qb6 29.Qd2 Rfd8
30.Rfd1 Ng5 31.Qd4 Qxd4 32.exd4 Ne6 33.Nxa5 Ba8 34.Nb3 Nc7 35.Bf1 Ne6 36.Ba6 Rb8
37.g3 Rb6 38.Bb5 Ng5 39.Kg2 Ne4 40.Nc5 f5 41.Nd7 Re6 42.Ne5 Nd6 43.Bc6 Ne4
44.h4 b3 45.Rd3 Rc8 46.Bxa8 Rxa8 47.Rxb3 Rea6 48.Rc7 Rxa4 49.Rbb7 Nd6 50.Rg7+ Kf8
51.Rbe7  1-0

[Event "Subic Open"]
[Site "Subic PHI"]
[Date "2009.05.26"]
[Round "2"]
[White "Irwanto,S"]
[Black "Andador,R"]
[Result "1-0"]
[WhiteElo "2447"]
[BlackElo "2286"]

1.d4 d5 2.Nf3 Nf6 3.c4 c6 4.Nc3 a6 5.c5 Nbd7 6.Bf4 g6 7.e3 Nh5 8.Bd3 Bg7
9.O-O O-O 10.Bg5 Re8 11.Re1 Qc7 12.e4 dxe4 13.Nxe4 Ndf6 14.Bc4 Nxe4 15.Rxe4 Bf5
16.Re1 h6 17.Bh4 Nf4 18.Bg3 e6 19.h4 Rad8 20.Qc1 e5 21.Nxe5 Bxe5 22.Rxe5 Rxe5
23.Qxf4  1-0

[Event "Copper State Int"]
[Site "Mesa USA"]
[Date "2009.05.31"]
[Round "5"]
[White "Kacheishvili,G"]
[Black "Gareev,T"]
[Result "0-1"]
[WhiteElo "2613"]
[BlackElo "2590"]

1.d4 d5 2.Nf3 c6 3.c4 Nf6 4.Nc3 a6 5.c5 Bf5 6.Nh4 Be6 7.Bf4 Nbd7 8.h3 g6
9.e3 Bg7 10.Bd3 O-O 11.Bh2 b6 12.b4 bxc5 13.bxc5 Ne4 14.Nxe4 dxe4 15.Bxe4 Nxc5
16.dxc5 Qa5+ 17.Ke2 Rad8 18.Qc2 Qb5+ 19.Kf3 f5 20.Kg3 fxe4 21.Qxe4 Bd5 22.Qc2 Qb4
23.f4 g5  0-1

[Event "XXXI Nezhmetdinov Mem"]
[Site "Kazan RUS"]
[Date "2009.06.05"]
[Round "6"]
[White "Pavlovski,Y"]
[Black "Gazizov,R"]
[Result "1-0"]
[WhiteElo "2280"]
[BlackElo "2202"]

1.d4 d5 2.Nf3 Nf6 3.c4 c6 4.Nc3 a6 5.a4 g6 6.e3 Bg7 7.Be2 O-O 8.O-O Bg4 9.Qb3 Ra7
10.cxd5 cxd5 11.h3 Bxf3 12.Bxf3 e6 13.Bd2 Nc6 14.Be2 Nd7 15.Na2 Re8 16.Rac1 Bf8
17.Rc2 Bd6 18.Rfc1 Qe7 19.Rb1 Nf6 20.Be1 Raa8 21.Nc1 e5 22.dxe5 Qxe5 23.g3 Qe7
24.Bf3 Rad8 25.Ne2 a5 26.Rd1 Bb4 27.Bxb4 Nxb4 28.Rcd2 Ne4 29.Rd4 Nc5 30.Qa3 Nc2
31.Qc3 Nxd4 32.Rxd4 Ne6 33.Rd1 b6 34.Bxd5 Rd6 35.Qc4 Red8 36.Nc3 Ng5 37.h4 Ne6
38.Ne4 Rxd5 39.Rxd5 Rxd5 40.Qxd5 f6 41.g4 Kg7 42.g5 f5 43.Qe5+ Kf7 44.Nd6+ Kg8
45.Nc8 Qd7 46.Nxb6 Qd1+ 47.Kh2 Nxg5 48.hxg5 Qh5+ 49.Kg2 Qxg5+ 50.Qg3 Qd8
51.b4 Qxb6 52.b5 Kg7 53.Qe5+ Kf7 54.f3 Qd8 55.Qc5 h5 56.b6 Qg5+ 57.Kf1 Qh4
58.Qc7+ Ke6 59.b7 Qh1+ 60.Ke2  1-0

[Event "National Open"]
[Site "Las Vegas USA"]
[Date "2009.06.05"]
[Round "2"]
[White "Adelberg,D"]
[Black "Zepeda,L"]
[Result "1/2-1/2"]
[WhiteElo "2158"]
[BlackElo "2179"]

1.d4 d5 2.c4 c6 3.Nc3 Nf6 4.Nf3 a6 5.c5 Nbd7 6.h3 g6 7.Bf4 Bg7 8.e3 O-O 9.Be2 Ne4
10.Qc2 f5 11.O-O h6 12.Na4 g5 13.Be5 Nxe5 14.Nxe5 Be6 15.Nb6 Rb8 16.b4 Qe8
17.Bd3 Rd8 18.a4 h5 19.b5 axb5 20.axb5 g4 21.h4 g3 22.Bxe4 gxf2+ 23.Rxf2 fxe4
24.Ra7 Rxf2 25.Qxf2 Rb8 26.bxc6 Bxe5 27.dxe5 Qxc6 28.Ra5 Rf8 29.Qc2 Bg4 30.Qb3 Be6
31.Qd1 Rf5 32.Qd4 Kh7 33.Ra1 Bf7 34.Rf1 Rxf1+ 35.Kxf1 e6 36.Kf2 Kg6 37.Na4 Qc7
38.Qb2 Kf5 39.Kg1 Be8 40.Qa1 Qxe5 41.Nc3 d4 42.Ne2 dxe3 43.Qa8 Bg6 44.Qf8+ Kg4
45.Qe7 Qf5 46.Kh2 Bf7 47.Kh1 Qf1+ 48.Kh2 Qf5 49.Kh1  1/2-1/2

[Event "FSGM June"]
[Site "Budapest HUN"]
[Date "2009.06.06"]
[Round "1"]
[White "Paschall,W"]
[Black "Nguyen Huynh Minh Huy"]
[Result "1/2-1/2"]
[WhiteElo "2376"]
[BlackElo "2484"]

1.d4 d5 2.c4 c6 3.Nf3 Nf6 4.Nc3 a6 5.e3 b5 6.b3 Bg4 7.Be2 e6 8.O-O Nbd7 9.Bb2 Qb8
10.Rb1 Bd6 11.h3 Bh5 12.a4 b4 13.Na2 O-O 14.Ne5 Bxe2 15.Qxe2 Nxe5 16.dxe5 Bxe5
17.Bxe5 Qxe5 18.Nxb4 Qd6 19.Nd3 a5 20.cxd5 cxd5 21.b4 Ne4 22.Rfc1 axb4 23.Rxb4 h6
24.Qb2 Rfc8  1/2-1/2

[Event "OKU"]
[Site "Utrecht NED"]
[Date "2009.06.06"]
[Round "4"]
[White "Giri,A"]
[Black "Groffen,H"]
[Result "1-0"]
[WhiteElo "2517"]
[BlackElo "2167"]

1.d4 d5 2.c4 c6 3.Nc3 Nf6 4.Nf3 a6 5.c5 Bf5 6.Bf4 e6 7.e3 Nbd7 8.Nd2 Be7
9.Be2 O-O 10.b4 b6 11.O-O bxc5 12.bxc5 Re8 13.Bg3 Qc8 14.Nb3 Bd8 15.f3 Bc7
16.Bxc7 Qxc7 17.g4  1-0

[Event "1st SCS GM Open"]
[Site "Bhubaneswar IND"]
[Date "2009.06.08"]
[Round "3"]
[White "Maheswaran,P"]
[Black "Gupta,Ab"]
[Result "1/2-1/2"]
[WhiteElo "2340"]
[BlackElo "2570"]

1.d4 d5 2.Nf3 Nf6 3.c4 c6 4.Nc3 a6 5.c5 g6 6.Bf4 Bg7 7.h3 O-O 8.e3 Nbd7 9.Be2 b6
10.cxb6 Qxb6 11.Rb1 a5 12.O-O Ba6 13.Bxa6 Qxa6 14.Ne5 Rfc8 15.b3 e6 16.a4 Qb7
17.Qd3 Ne8 18.Nxd7 Qxd7 19.Rfc1 Bf8 20.e4 Nd6 21.exd5 cxd5 22.Bxd6 Qxd6 23.Nb5 Qf4
24.Rc2 h5 25.g3 Qf6 26.h4 Bh6 27.Rbb2 Qf5 28.Qxf5 gxf5 29.f4 Bf8 30.Kf2 Bb4
31.Kf3 Kf8 32.Nc7 Rab8 33.Na6 Rxc2 34.Rxc2 Rb6  1/2-1/2

[Event "Maia Chiburdanidze Cup"]
[Site "Tbilisi GEO"]
[Date "2009.06.08"]
[Round "4"]
[White "Guramishvili,S"]
[Black "Javakhishvili,L"]
[Result "1/2-1/2"]
[WhiteElo "2325"]
[BlackElo "2463"]

1.d4 d5 2.c4 c6 3.Nf3 Nf6 4.Nc3 a6 5.e3 b5 6.b3 Bg4 7.Be2 Nbd7 8.O-O e6 9.cxd5 cxd5
10.h3 Bh5 11.Ne5 Bxe2 12.Nxe2 Bd6 13.Bb2 O-O 14.Rc1 Rc8 15.Rc2 Qb6 16.Nc1 Rc7
17.Ncd3 Rfc8 18.Rxc7 Qxc7 19.Qa1 Qa5 20.Nxd7 Nxd7 21.a3 Qd2 22.Nc5 Bxc5 23.dxc5 f6
24.b4 Qc2 25.Rc1 Qe4 26.Rd1 Nb8 27.Rd4 Qc2 28.Rg4 Kf7 29.Rf4 Nd7 30.Bc3 h6
31.Rd4 Nb8 32.Rd2 Qb3 33.Qb2 Qxb2 34.Rxb2 e5 35.Ra2 Ke6 36.a4 bxa4 37.Rxa4 Kd7
38.Kf1 Kc6 39.Ra5 Kb7 40.Ra3 Kc6 41.Ra5 Kb7 42.Ra3 Nc6 43.Bd2 Na7 44.Rd3 Kc6
45.Ra3 Kb7 46.Rd3 Rd8 47.e4 d4 48.Rg3 Rd7 49.Ke2 a5 50.bxa5 Kc6 51.Rb3 Kxc5
52.Kd3 Nc6 53.Rb1 Ra7 54.Rc1+ Kb5 55.Rb1+ Kc5 56.Rc1+ Kb5 57.Rb1+ Kc5  1/2-1/2

[Event "TCh-BUL"]
[Site "Sunny Beach BUL"]
[Date "2009.06.10"]
[Round "3"]
[White "Genov,Peta"]
[Black "Dimitrov,At"]
[Result "1/2-1/2"]
[WhiteElo "2481"]
[BlackElo "2346"]

1.d4 d5 2.c4 c6 3.Nf3 Nf6 4.Nc3 a6 5.a4 e6 6.Bg5 Nbd7 7.cxd5 exd5 8.e3 Be7
9.Qc2 O-O 10.Bd3 Re8 11.O-O Nf8 12.h3 Nh5 13.Bxe7 Qxe7 14.Rae1 Be6 15.Ne5 g6
16.f4 f6 17.Ng4 Bxg4 18.hxg4 Ng3 19.Rf3 Ne4 20.Nxe4 dxe4 21.Bc4+ Kh8 22.Rh3 Qb4
23.Rc1 Re7 24.Ba2 Nd7 25.Qb3 a5 26.Rc4 Qxb3 27.Bxb3 Ra6 28.d5 Rb6 29.dxc6 Rxb3
30.cxd7 Rxd7 31.Rxe4 Rxb2 32.Rc4 Rb4 33.Rxb4 axb4 34.e4 Rd1+ 35.Kh2 Re1 36.Rd3 Rxe4
37.Rd8+ Kg7 38.Rd7+ Kh6 39.g5+ fxg5 40.fxg5+ Kxg5 41.Rxb7 h5 42.Rb5+ Kh6  1/2-1/2

[Event "Maia Chiburdanidze Cup"]
[Site "Tbilisi GEO"]
[Date "2009.06.10"]
[Round "6"]
[White "Charkhalashvili,I"]
[Black "Javakhishvili,L"]
[Result "1/2-1/2"]
[WhiteElo "2363"]
[BlackElo "2463"]

1.d4 d5 2.c4 c6 3.Nc3 Nf6 4.Nf3 a6 5.e3 b5 6.cxd5 cxd5 7.b4 e6 8.a3 Nbd7
9.Bd3 Bb7 10.O-O Bd6 11.Qb3 Qe7 12.a4 bxa4 13.Nxa4 Bxb4 14.Bd2 a5 15.Rfb1 O-O
16.Bxb4 axb4 17.Qxb4 Qxb4 18.Rxb4 Bc6 19.Ra2 h6  1/2-1/2

[Event "TCh-BUL w"]
[Site "Sunny Beach BUL"]
[Date "2009.06.12"]
[Round "5"]
[White "Raeva,E"]
[Black "Andreeva,V"]
[Result "1-0"]
[WhiteElo "2233"]
[BlackElo "1894"]

1.d4 d5 2.c4 c6 3.Nc3 Nf6 4.Nf3 a6 5.c5 g6 6.Bf4 Nbd7 7.e3 Bg7 8.Bd3 O-O
9.O-O Nh5 10.Bg5 h6 11.Bh4 Nhf6 12.h3 Re8 13.e4 dxe4 14.Nxe4 Nxe4 15.Bxe4 Nf6
16.Bd3 Nd5 17.Re1 g5 18.Bg3 Bd7 19.Ne5 Qc8 20.Qb3 f5 21.Nc4 Kh8 22.Be5 Bxe5
23.Rxe5 Rb8 24.Rae1 f4 25.Nb6 Nxb6 26.Qf7  1-0

[Event "FSIMB June"]
[Site "Budapest HUN"]
[Date "2009.06.13"]
[Round "7"]
[White "Binder,Mi"]
[Black "Farago,S"]
[Result "1-0"]
[WhiteElo "2184"]
[BlackElo "2255"]

1.d4 d5 2.c4 c6 3.Nf3 Nf6 4.Nc3 a6 5.a4 g6 6.Bf4 Bg7 7.e3 O-O 8.Qb3 a5 9.h3 Na6
10.Be2 Nb4 11.Na2 dxc4 12.Bxc4 b5 13.axb5 cxb5 14.Bxf7+ Rxf7 15.Nxb4 a4 16.Qa3 Nd5
17.O-O Nxf4 18.exf4 Qd6 19.Rfe1 Rxf4 20.Ng5 e6 21.Qg3 Qf8 22.Nc6 Rf6 23.Qc7 h6
24.Ne7+ Kh8 25.Ne4 Qf7 26.Qd8+ Kh7 27.Nxc8 Rf4 28.Rac1 Qf5 29.Ng3  1-0

[Event "TCh-BUL w"]
[Site "Sunny Beach BUL"]
[Date "2009.06.13"]
[Round "6"]
[White "Ilieva,H"]
[Black "Chilingirova,P"]
[Result "1-0"]
[WhiteElo "2114"]
[BlackElo "2157"]

1.d4 d5 2.Nf3 Nf6 3.c4 c6 4.Nc3 a6 5.c5 Nbd7 6.Bf4 Nh5 7.e3 Nxf4 8.exf4 g6
9.Bd3 Bg7 10.O-O Qc7 11.f5 b6 12.cxb6 Nxb6 13.Qc2 c5 14.dxc5 Qxc5 15.fxg6 hxg6
16.Bxg6 Rh6 17.Bd3 Bg4 18.Na4 Qxc2 19.Bxc2 Bxf3 20.Nxb6 Rxb6 21.gxf3 Rxb2
22.Ba4+ Kf8 23.Rab1 Rab8 24.Rxb2 Rxb2 25.Rc1 Bd4 26.Rc2 Rb4 27.Bd7 e6 28.Kg2 Ke7
29.Bc8 a5 30.Ba6 a4 31.f4 a3 32.Kf3 Rb1 33.Bd3 Rh1 34.Kg2 Ra1 35.Re2 Bb2
36.Bc2 Kd6 37.Bb3 d4 38.f5 e5 39.f4 f6 40.fxe5+ fxe5 41.f6 Rc1 42.f7 Rc8
43.Kf3 Rf8 44.Ke4 Bc1 45.Rg2 Bf4 46.h4 Ke7 47.Rg8 Bg3 48.h5 Bf4 49.Rg6 Rd8
50.h6 Rh8 51.Rg8  1-0

[Event "13th FIDE Open"]
[Site "Voronezh RUS"]
[Date "2009.06.14"]
[Round "3"]
[White "Serdjukov,S"]
[Black "Akhmetov,Ay"]
[Result "1-0"]
[WhiteElo "2159"]
[BlackElo "1956"]

1.d4 d5 2.c4 c6 3.Nc3 Nf6 4.Nf3 a6 5.c5 Nbd7 6.g3 g6 7.b4 Bg7 8.h3 h6 9.Be3 O-O
10.Bg2 Ne4 11.Na4 a5 12.a3 axb4 13.axb4 e5 14.O-O f5 15.dxe5 Nxe5 16.Nxe5 Bxe5
17.Bd4 Bb8 18.Nb6 Rxa1 19.Bxa1 Qe7 20.Qd4 Kh7 21.Nxc8 Rxc8 22.e3 h5 23.Bxe4 dxe4
24.Rd1 Kh6 25.Qd7 Re8 26.Bf6 Qxf6 27.Qxe8 Be5 28.h4 g5 29.Qd8 gxh4 30.Qxf6+ Bxf6
31.Rd6 Kg6 32.gxh4 Kf7 33.Rd7+ Ke6 34.Rxb7 Bxh4 35.b5 f4 36.bxc6 fxe3 37.fxe3  1-0

[Event "13th Open"]
[Site "Voronezh RUS"]
[Date "2009.06.15"]
[Round "4"]
[White "Tunik,G"]
[Black "Aldokhin,I"]
[Result "1/2-1/2"]
[WhiteElo "2499"]
[BlackElo "2345"]

1.d4 d5 2.c4 c6 3.Nf3 Nf6 4.Nc3 a6 5.cxd5 cxd5 6.Bf4 Nc6 7.Rc1 Bf5 8.e3 e6
9.Ne5 Bd6 10.Nxc6 bxc6 11.Bxd6 Qxd6 12.a3 O-O 13.Na4 e5 14.Be2 Rfe8 15.O-O exd4
16.Qxd4 Re4 17.Qc5 Qb8 18.b4 Re6 19.Qd4 Ne4 20.Nc5 Rh6 21.f4 Qd8 22.Nxe4 Bxe4
23.Bf3 Re6 24.Bxe4 Rxe4 25.Qc5 a5 26.Rfd1 axb4 27.axb4 Re6 28.Ra1 Rxa1 29.Rxa1 h6
30.Rd1 Qf6 31.h3 Re4 32.b5 Rc4 33.Qa3 Rc2 34.Kh2 Qg6 35.Rg1 cxb5 36.Qa8+ Kh7
37.Qxd5 b4 38.f5 Qf6 39.Rb1 Qe7 40.Kh1 Qxe3 41.Qxf7 Rc1+  1/2-1/2

[Event "Open"]
[Site "Teplice CZE"]
[Date "2009.06.16"]
[Round "4"]
[White "Vondra,Z"]
[Black "Steinhauser,F"]
[Result "1-0"]
[WhiteElo "2155"]
[BlackElo "1987"]

1.d4 d5 2.c4 c6 3.Nf3 Nf6 4.Nc3 a6 5.cxd5 Nxd5 6.e4 Nxc3 7.bxc3 Bg4 8.Bc4 Bxf3
9.Qxf3 e6 10.O-O Nd7 11.Qg3 Nf6 12.Bd3 Qa5 13.Rb1 b5 14.a4 Be7 15.axb5 cxb5
16.e5 Nh5 17.Qf3 Rd8 18.Qxh5 Qxc3 19.Qf3 Qxd4 20.Rd1 Qxe5 21.Bf4 Qc5 22.Rbc1 Qa7
23.Bxb5+ axb5 24.Qc6+ Kf8 25.Rxd8+  1-0

[Event "Open"]
[Site "Teplice CZE"]
[Date "2009.06.16"]
[Round "4"]
[White "Ivanov,MM"]
[Black "Kulovana,E"]
[Result "1/2-1/2"]
[WhiteElo "2470"]
[BlackElo "2293"]

1.d4 d5 2.c4 c6 3.Nf3 Nf6 4.Nc3 a6 5.e3 b5 6.c5 Nbd7 7.a3 e5 8.dxe5 Ng4 9.e6 fxe6
10.Nd4 Ndf6 11.Be2 Ne5 12.f4 Nf7 13.b4 Qc7 14.a4 Rb8 15.axb5 axb5 16.O-O Be7
17.e4  1/2-1/2

[Event "Municipality Cup"]
[Site "Tbilisi GEO"]
[Date "2009.06.17"]
[Round "3"]
[White "Dzagnidze,N"]
[Black "Shalamberidze,A"]
[Result "1-0"]
[WhiteElo "2541"]
[BlackElo "2381"]

1.d4 d5 2.c4 c6 3.Nf3 Nf6 4.Nc3 a6 5.c5 Bf5 6.Bf4 Nbd7 7.e3 e6 8.Be2 Ne4
9.Ne5 Nxe5 10.Bxe5 f6 11.Bg3 Qa5 12.Qb3 Nxg3 13.Qxb7 Nxh1 14.Qxa8+ Kf7 15.Qxc6 Be7
16.Qb7 Re8 17.Kf1 e5 18.Kg1 exd4 19.exd4 Kf8 20.Qxd5  1-0

[Event "Oceania Zonal"]
[Site "Gold Coast AUS"]
[Date "2009.06.20"]
[Round "1"]
[White "Rachmadi,H"]
[Black "Marcos,J"]
[Result "1/2-1/2"]
[WhiteElo "1842"]
[BlackElo "2200"]

1.d4 d5 2.c4 c6 3.Nc3 Nf6 4.Nf3 a6 5.a4 e6 6.e3 Nbd7 7.Bd3 Bb4 8.O-O O-O
9.Qc2 dxc4 10.Bxc4 Qa5 11.Bd2 e5 12.Rfd1 exd4 13.exd4 Nb6 14.Bd3 Bg4 15.Ne4 Nbd5
16.Bg5 Bxf3 17.gxf3 Be7 18.Nxf6+ Bxf6 19.Bxh7+ Kh8 20.Bxf6 Nxf6 21.Be4  1/2-1/2

[Event "zt 2.3"]
[Site "San Jose CRC"]
[Date "2009.06.21"]
[Round "6"]
[White "Gonzalez,Be CRC"]
[Black "Prasca Sosa,R"]
[Result "1/2-1/2"]
[WhiteElo "2440"]
[BlackElo "2415"]

1.d4 d5 2.c4 c6 3.Nf3 Nf6 4.Nc3 a6 5.cxd5 cxd5 6.Bf4 Nc6 7.Rc1 e6 8.e3 Be7
9.Bd3 O-O 10.O-O Nh5 11.Be5 f6 12.Ng5 Qe8 13.Nxh7 fxe5 14.Nxf8 Bxf8 15.dxe5 Nxe5
16.Be2 Nf6 17.Na4 Qd8 18.Qd4 Nc6 19.Qb6 Bd7 20.Qxb7 Na5 21.Qb6 Bxa4 22.Qxe6+ Kh7
23.Bd3+ g6 24.Qf7+ Kh8 25.Rc7 Bd7 26.Rfc1 Bd6 27.Rxd7 Nxd7 28.Qxg6 Nf6 29.Qh6+ Kg8
30.Qg6+ Kf8 31.Qh6+ Ke8 32.b4 Bxb4 33.Bf5 Kf7 34.Qg6+ Kf8 35.Qh6+ Kf7 36.Qg6+ Kf8
37.Qh6+  1/2-1/2

[Event "King's Gambit A"]
[Site "Lipetsk RUS"]
[Date "2009.06.24"]
[Round "2"]
[White "Gladyszev,O"]
[Black "Vysochin,S"]
[Result "1/2-1/2"]
[WhiteElo "2434"]
[BlackElo "2543"]

1.d4 d5 2.c4 c6 3.Nf3 Nf6 4.Nc3 a6 5.a4 e6 6.g3 c5 7.cxd5 cxd4 8.Nxd4 Nxd5
9.Nc2 Nc6 10.Nxd5 exd5 11.Bg2 Be6 12.O-O Bc5 13.b4 Nxb4 14.Nxb4 Bxb4 15.Qd4 Be7
16.Rb1 O-O 17.Rxb7 Bf6 18.Qf4 Rc8 19.Bb2 Bxb2 20.Rxb2 Rc4 21.Qe5 Rxa4 22.Rd1 d4
23.Rbd2 Qf6 24.Qxf6 gxf6 25.Rxd4 Rxd4 26.Rxd4 a5 27.Kf1 Rc8 28.Ke1 Rc5 29.Kd2 f5
30.Rd8+ Kg7 31.Ra8 Bb3 32.Kd3 a4 33.Bf3 Rc1 34.Ra5 Rf1 35.Ke3 Rc1 36.Bd5 Bxd5
37.Rxd5 Kg6 38.Ra5 Rc4  1/2-1/2

[Event "Petr Izmailov Mem"]
[Site "Tomsk RUS"]
[Date "2009.06.25"]
[Round "2"]
[White "Uteshev,A"]
[Black "Sozin,S"]
[Result "1-0"]
[WhiteElo "2115"]
[BlackElo "1955"]

1.d4 d5 2.c4 c6 3.Nf3 Nf6 4.Nc3 a6 5.c5 Bf5 6.Bf4 Nbd7 7.e3 e6 8.h3 Ne4 9.Be2 Be7
10.O-O O-O 11.Nxe4 Bxe4 12.b4 b5 13.a4 Bf6 14.Bd6 Re8 15.Ne5 Bxe5 16.dxe5 Qg5
17.Bg4 h5 18.f4 Qg6 19.Bf3 Bc2 20.Bxh5 Bxd1 21.Bxg6 Bxa4 22.Bd3 a5 23.bxa5 Rxa5
24.Rab1 Rea8 25.Rb4 g6 26.g4 Re8 27.Kg2 Kg7 28.Kg3 Ra7 29.h4 Nb8 30.Bxb8 Rxb8
31.f5 exf5 32.gxf5 Re8 33.f6+ Kh6 34.Kf4 Rg8 35.Rg1 Rb7 36.Kf3 Re8 37.Kf4 Rg8
38.e6 fxe6 39.Ke5 Rbb8 40.f7 Rg7 41.Kxe6 Ra8 42.Rbg4 d4 43.Rxg6+ Rxg6+ 44.Rxg6+ Kh5
45.Ke7 dxe3 46.f8=Q Rxf8 47.Kxf8 e2 48.Re6  1-0

[Event "Petr Izmailov Mem"]
[Site "Tomsk RUS"]
[Date "2009.06.28"]
[Round "5"]
[White "Komissarov,Va"]
[Black "Sozin,S"]
[Result "0-1"]
[WhiteElo "2051"]
[BlackElo "1955"]

1.d4 d5 2.c4 c6 3.Nf3 Nf6 4.Nc3 a6 5.e3 e6 6.cxd5 exd5 7.Qc2 Be7 8.Bd3 h6
9.O-O O-O 10.e4 dxe4 11.Nxe4 Nxe4 12.Bxe4 Bg4 13.Ne5 Be6 14.Be3 Nd7 15.Bh7+ Kh8
16.Bf5 Nxe5 17.dxe5 Bxf5 18.Qxf5 Qc8 19.Qh5 Qe6 20.f4 f5 21.Rfd1 Rad8 22.b3 Rd5
23.Rxd5 Qxd5 24.Rd1 Qa5 25.h3 Qxa2 26.Rd7 Qxb3 27.Bd4 c5 28.Rxe7 cxd4 29.Qg6 Qe3+
30.Kh1 Qc1+ 31.Kh2 Qxf4+ 32.Kh1 Rg8 33.e6 d3 34.Rd7 d2 35.e7 Qf1+ 36.Kh2 d1=Q
37.Rxd1 Qxd1 38.e8=Q Rxe8 39.Qxe8+ Kh7 40.Qf7 Qb1 41.h4 b5 42.h5 f4 43.Qxf4 b4
44.g4 b3 45.g5 hxg5 46.Qxg5 b2 47.h6 Qg6  0-1